| 000 | 00891nam a2200217Ia 4500 | ||
|---|---|---|---|
| 001 | 13578 | ||
| 003 | GE_BSU | ||
| 008 | 181216s||||||||xx |||||||||||||| ||und|| | ||
| 040 | _cGE_BSU | ||
| 080 | _a625.7/8(075.32) | ||
| 100 | _aМыльников,П.В. Егоров,В.П. | ||
| 245 | _aТехника безапастности и противопожарная техника на дорожном строительстве. | ||
| 245 | _bУчебное пособие. | ||
| 250 | _aвторое изд. переработанное и дополненное. | ||
| 260 | _aМ. | ||
| 260 | _bТранспорт. | ||
| 260 | _c1969. | ||
| 300 | _a240 стр. 22см. с илл. Библиогр.: стр.236. | ||
| 653 | _aТехника безапастности и противопожарная техника на дорожном строительстве. | ||
| 942 | _cBK | ||
| 999 |
_c46734 _d46734 |
||